00623nam a2200169 a 450000100100000000500170001000800410002704000250006808200150009310000500010824500610015826000740021930000200029304900090031395201140032299900170043600002972720240322185316.0110425s1955 dr 000 0 spa d aDO-SdBNPbspacBNPHU axxxxbO74i1 aOrnes Coiscou, Germán E.,d1919-199895781410aIrresponsabilidad periodística /cGermán E. Ornes C. aCiudad Trujillo, República Dominicana :bEditora del Caribe,c1955. a10 p. ;c23 cm. aBNPD 00107-18PDaPDbPDcOId2011-04-25iLF1l0oxxxx O74ip29727-10r2020-06-25w2020-06-25yLFPDZNo se presta c29219d29219